Biblia comentada: texto de la Nácar-Colunga

Saved in:
Bibliografiske detaljer
Format: Bog
Sprog:spansk
Udgivet: Madrid Biblioteca de Autores Cristianos 1963
Udgivelse:2a. ed
Serier:Biblioteca de Autores Cristianos
Fag:
Tags: Tilføj Tag
Ingen Tags, Vær først til at tagge denne postø!

MARC

LEADER 00000nam a2200000 a 4500
001 UCL2089
003 CL-VaPUC
008 031010e19630000SP |||||||||||||||||spa|d
082 0 4 |a 220.7  |b BIB  |2 21 
245 1 0 |a Biblia comentada: texto de la Nácar-Colunga 
250 |a 2a. ed 
300 |a v 
942 |c BK 
945 |d 20031010 00:00:00  |a vberengu 
260 |a Madrid  |b Biblioteca de Autores Cristianos  |c 1963 
500 |a v.2: Libros históricos del Antiguo Testamento 
650 0 |a Biblia  |9 257603 
650 7 |a COMENTARIOS  |2 CL-VaPUC  |9 313567 
650 0 |a Nuevo testamento  |9 257604 
583 |a last modification  |c 20170628 01:13:06  |k Rodrigo Vera 
490 0 |a Biblioteca de Autores Cristianos 
999 |c 305449  |d 305447 
952 |0 0  |1 0  |4 0  |6 220_700000000000000_BIB_1963  |7 0  |8 A  |9 369339  |a BIBTEO  |b BIBTEO  |d 2019-11-21  |h v.2  |i 2079348  |o 220.7 BIB 1963  |p 2079348  |r 2025-01-17  |w 2019-11-21  |y BK  |k ICR